00493nam a2200145Ia 4500008004100000041000800041082001600049100001800065245002700083260006200110300002400172365001100196999001700207952012300224240624s9999 xx 000 0 und d aeng a658.409 TRE aTREHAN KESHAV aEXCEL VBA FOR MANAGERS c2013aNew DelhibShroff Publishers & Distributors Pvt Ltd a282 : p. : cm. ; 28 cRSb30 c27035d27035 00104070aIMTNbIMTNcRack 30-Bd2016-03-23eBWNg450.00o658.409 TREp27035r2024-06-24 00:00:00t1w2024-06-24yBK